000 00919nam a2200265 a 4500
999 _c22605
_d22605
001 1489757
003 BDDh-ASL
005 20231015030139.0
008 870508s1981 bg r i000 0 eng
010 _a 87901004
025 _aB E 4654
040 _aDLC
_cDLC
_dDLC
_dBDDh-ASL
043 _aa-bg---
050 0 0 _aHQ2000.6
_b.I59 1981
082 _a367.5492
_bINV
245 0 0 _aInventory for women's organizations in Bangladesh /
_cstudy team, Meherunnessa Islam ... [et al. ; edited by Salma Khan ... et al.].
260 _a[Dacca] :
_bWomen's Development Unit, UNICEF, Bangladesh,
_c1981.
300 _a96 p. ;
_c24 cm.
650 0 _aWomen
_zBangladesh
_xSocieties and clubs.
650 0 _aWomen
_zBangladesh
_xSocieties and clubs
_xDirectories.
700 1 _aKhan, Salma.
710 2 _aUNICEF Bangladesh.
_bWomen's Development Unit.
906 _a7
_bcbc
_corignew
_d3
_encip
_f19
_gy-gencatlg
942 _2ddc
_cBK